|
|
|
|
| LEADER |
00603nam a2200157 i 4500 |
| 001 |
misc45789 |
| 005 |
20191207104414.0 |
| 008 |
190117s1823 hu o 0|| ger d |
| 040 |
|
|
|a SZTE Miscellanea Repozitórium
|b hun
|
| 041 |
|
|
|a ger
|
| 100 |
1 |
|
|a Braun Ludwig
|
| 245 |
1 |
0 |
|a Über die Erkenntnis und Behandlung des Pemphigus
|h [elektronikus dokumentum] /
|c Braun Ludwig
|
| 260 |
|
|
|a Herder'schen Universitäts Buchhandlung
|b Freyburg
|c 1823
|
| 300 |
|
|
|a 79
|
| 695 |
|
|
|a Bőrgyógyászat - diagnosztika, Bőrgyógyászat - terápia
|
| 856 |
4 |
0 |
|u http://misc.bibl.u-szeged.hu/45789/1/borklinika_472.pdf
|z Dokumentum-elérés
|